Ecosistemas (Registro nro. 13588)

Detalles MARC
000 -CABECERA
Campo de control 002780000a22001090004500
090 ## - CLASIFICACIÓN LOCAL
Colección AR
Consecutivo 04489
041 0# - IDIOMA
Código de idioma para texto/pista de sonido o título separado
100 1# - ASIENTO PRINCIPAL--NOMBRE PERSONAL
Nombre personal Wiken, Ed.
245 10 - MENCION DE TITULO
Título Ecosistemas
Version estructuras para la reflexión
773 1# - Item fuente:
Título Conservacion mundial
Descripción física 1
Paginas del Articulo 22-23
Lugar, editorial y fecha de publicación 1996
942 ## - ELEMENTOS ADICIONALES (KOHA)
Tipo de ítem Artículo
Existencias
Withdrawn status Lost status Damaged status No para préstamo Colección Ubicación Permanente Ubicación actual Fecha de adquisición Fuente de Valor Datos de publicación Seriada Total Checkouts Número topográfico Inventario / Código de Barras Date last seen Ejemplar Price effective from Forma de adquisición Tipo de material
      No para Préstamo Hemeroteca Bogotá Bogotá 08/01/2008 Franco, Ana María Fuera de circulación   AR 04489 025633 25/03/2015 1 25/03/2015   Artículo